Sai lầm phổ biến khi giải toán : Dùng cho học sinh và giáo viên dạy toán PTTH
Thống kê, phân tích những sai lầm khi giải các bài tập đại số, giải tích, lượng giác, hình học
Uloženo v:
| Hlavní autor: | |
|---|---|
| Médium: | Kniha |
| Jazyk: | Undetermined |
| Vydáno: |
Hà Nội
Giáo dục
2005
|
| Témata: | |
| Tagy: |
Přidat tag
Žádné tagy, Buďte první, kdo otaguje tento záznam!
|
| Thư viện lưu trữ: | Trung tâm Học liệu Trường Đại học Cần Thơ |
|---|
| LEADER | 00875nam a2200229Ia 4500 | ||
|---|---|---|---|
| 001 | CTU_88806 | ||
| 008 | 210402s9999 xx 000 0 und d | ||
| 020 | |c 7500 | ||
| 082 | |a 510.07 | ||
| 082 | |b C121 | ||
| 100 | |a Nguyễn, Vĩnh Cận | ||
| 245 | 0 | |a Sai lầm phổ biến khi giải toán : | |
| 245 | 0 | |b Dùng cho học sinh và giáo viên dạy toán PTTH | |
| 245 | 0 | |c Nguyễn Vĩnh Cận, Lê Thống Nhất, Phan Thanh Quang | |
| 260 | |a Hà Nội | ||
| 260 | |b Giáo dục | ||
| 260 | |c 2005 | ||
| 520 | |a Thống kê, phân tích những sai lầm khi giải các bài tập đại số, giải tích, lượng giác, hình học | ||
| 650 | |a Mathematics | ||
| 650 | |x átudy and teaching (secondary) | ||
| 904 | |i Trúc Phương,Hải | ||
| 980 | |a Trung tâm Học liệu Trường Đại học Cần Thơ | ||